| 000 | 00892cam a2200265 a 4500 | ||
|---|---|---|---|
| 001 | 000005518 | ||
| 005 | 20200929151710.0 | ||
| 008 | 960329s1998 sp a b 000 p spa | ||
| 020 | _a843761371X | ||
| 040 |
_aDO-SdBNP _bspa _cBNPHU |
||
| 082 |
_aN861.3 _bD218a, 1998 |
||
| 100 | 1 |
_aDarío, Rubén, _d1867-1916 _915535 |
|
| 245 | 1 | 0 |
_aAzul... : _bcantos de vida y esperanza / _cRubén Darío ; edición de José María Martínez. |
| 250 | _a2a ed. | ||
| 260 |
_aMadrid : _bCátedra, _c1998. |
||
| 300 |
_a466 p. : _bil. ; _c18 cm. |
||
| 490 | 1 |
_aLetras hispánicas _v403 |
|
| 504 | _aIncluye referencias bibliográficas (p. 93-98). | ||
| 650 | 4 |
_aPoesía nicaragüense _98179 |
|
| 650 | 4 |
_aLiteratura nicaragüense _98122 |
|
| 700 | 1 |
_aMartínez Domingo, José María, _d1964-, _eed. _915624 |
|
| 830 | 0 |
_aLetras hispánicas ; _v403 _94208 |
|
| 910 | _aCatalogación derivada | ||
| 910 | _aWM | ||
| 999 |
_c5317 _d5317 |
||